| 000 | 00945cam a22002774a 4500 | ||
|---|---|---|---|
| 001 | e 10000871 | ||
| 003 | DLC | ||
| 005 | 20260227111153.0 | ||
| 008 | 990524s1905 fr 000 0 fre | ||
| 010 | _ae 10000871 | ||
| 040 |
_aDLC _cDLC |
||
| 042 | _apcc | ||
| 043 | _ae-fr--- | ||
| 050 | 0 | 0 |
_aLC1422 _b.M255 1905 |
| 100 | 1 |
_aMaintenon, _cMadame de, _d1635-1719. |
|
| 245 | 1 | 0 |
_aExtraits de ses lettres, avis, entretiens, conversations, et proverbes sur l'éducation / _cprécédés d'une introduction par Oct. Gréard ; Mme. de Maintenon. |
| 246 | 3 | 0 | _aSur l'éducation |
| 246 | 1 | 8 | _aExtraits sur l'éducation |
| 250 | _a6. éd. | ||
| 260 |
_aParis : _bHachette, _c1905. |
||
| 300 |
_alxiv, 286 p. ; _c18 cm. |
||
| 440 | 0 | _aCollection des principaux ouvrages pédagogiques français et étrangers | |
| 650 | 0 |
_aWomen _xEducation _zFrance. |
|
| 600 | 1 | 0 |
_aMaintenon, _cMadame de, _d1635-1719. |
| 700 | 1 |
_aGréard, Octave, _d1828-1904. |
|
| 999 |
_c18977 _d18977 |
||